Statistiques concernant đŸŽ¶ Paroles "Coeur" Clara Luciani

Cliquez ici pour prendre le quiz!

Statistiques générales

  • Ce quiz a Ă©tĂ© pris 34 fois
  • Le rĂ©sultat moyen est 230 sur 280

Statistiques - réponses

Mots% Correct
Ă 
97%
a
97%
es
97%
et
97%
Et
97%
L'
97%
l'
97%
le
97%
n'
97%
T'
97%
t'
97%
cƓur
93%
J'
93%
les
93%
ne
93%
s'
93%
de
90%
la
90%
qu'
90%
Que
90%
que
90%
Tu
90%
tu
90%
amour,
87%
amour
87%
du
87%
est
87%
pas
87%
un
83%
une
83%
on
80%
On
80%
tous
80%
comme
77%
il
77%
jamais
77%
Sont
77%
Te
77%
te
77%
qui
73%
Ta
73%
y
73%
fais
70%
personne
70%
tué
70%
cogne
67%
coups
67%
faire
67%
laisse
67%
mal
67%
contraire
63%
fait
63%
peau
63%
seuls
63%
cigarette
60%
croire
60%
foudre
60%
papier
60%
pardonne
60%
fois
57%
pousse
57%
violette
57%
Chaque
53%
fasse
53%
fine
53%
veux
53%
accroche
47%
effiloches,
47%
frappe,
47%
abimes
43%
clous
43%
voile
43%
Souvent,
40%

Distribution des résultats

Percentile par nombre de réponses

% des personnes avec chaque résultat

Votre développement - résultats

Vous n’avez pas pris ce quiz